Eurovision Entries - 2020s - Statistics

General Stats
  • This quiz has been taken 56 times
    28 since last reset
  • The average score is 167 of 266
Answer Stats
IDs Countries Group Finished Artists Entries % Correct
al7 Albania 2026 13th Alis Nân
100%
hr7 Croatia 2026 15th Lelek Andromeda
90%
bg4 Bulgaria 2026 1st Dara Bangaranga
90%
cz7 Czechia 2026 16th Daniel Žižka Crossroads
90%
be7 Belgium 2026 21st Essyla Dancing on the Ice
90%
au7 Australia 2026 4th Delta Goodrem Eclipse
90%
cy7 Cyprus 2026 19th Antigoni Jalla
90%
au6 Australia 2025 NQ Go-Jo Milkshake Man
90%
am6 Armenia 2026 NQ Simón Paloma Rumba
90%
hr6 Croatia 2025 NQ Marko Bošnjak Poison Cake
90%
am2 Armenia 2022 20th Rosa Linn Snap
90%
am5 Armenia 2025 20th Parg Survivor
90%
al5 Albania 2024 NQ Besa Titan
90%
at6 Austria 2025 1st JJ Wasted Love
90%
at5 Austria 2024 24th Kaleen We Will Rave
90%
al6 Albania 2025 8th Shkodra Elektronike Zjerm
90%
be5 Belgium 2024 NQ Mustii Before the Party's Over
80%
cy4 Cyprus 2023 12th Andrew Lambrou Break a Broken Heart
80%
it3 Italy 2022 6th Mahmood and Blanco Brividi
80%
fi4 Finland 2023 2nd Käärijä Cha Cha Cha
80%
az1 Azerbaijan 2020 Cancelled Efendi Cleopatra
80%
al4 Albania 2023 22nd Albina and Familja Kelmendi Duje
80%
cy2 Cyprus 2021 16th Elena Tsagrinou El Diablo
80%
lu1 Luxembourg 2024 13th Tali Fighter
80%
de7 Germany 2026 23rd Sarah Engels Fire
80%
ge5 Georgia 2024 21st Nutsa Buzaladze Firefighter
80%
nl1 Netherlands 2020 Cancelled Jeangu Macrooy Grow
80%
bg2 Bulgaria 2021 11th Victoria Growing Up Is Getting Old
80%
dk6 Denmark 2025 23rd Sissal Hallucination
80%
fi6 Finland 2025 11th Erika Vikman Ich komme
80%
am4 Armenia 2024 8th Ladaniva Jako
80%
fi3 Finland 2022 21st The Rasmus Jezebel
80%
az7 Azerbaijan 2026 NQ Jiva Just Go
80%
cz6 Czechia 2025 NQ Adonxs Kiss Kiss Goodbye
80%
rs7 Serbia 2026 17th Lavina Kraj mene
80%
it5 Italy 2024 7th Angelina Mango La noia
80%
cy5 Cyprus 2024 15th Silia Kapsis Liar
80%
cz3 Czechia 2022 22nd We Are Domi Lights Off
80%
fr6 France 2025 7th Louane Maman
80%
az2 Azerbaijan 2021 20th Efendi Mata Hari
80%
rs6 Serbia 2025 NQ Princ Mila
80%
fr5 France 2024 4th Slimane Mon amour
80%
ge7 Georgia 2026 NQ Bzikebi On Replay
80%
rs5 Serbia 2024 17th Teya Dora Ramonda
80%
fr7 France 2026 11th Monroe Regarde !
80%
hr5 Croatia 2024 2nd Baby Lasagna Rim Tim Tagi Dim
80%
dk5 Denmark 2024 NQ Saba Sand
80%
al3 Albania 2022 NQ Ronela Hajati Sekret
80%
cy6 Cyprus 2025 NQ Theo Evan Shh
80%
be6 Belgium 2025 NQ Red Sebastian Strobe Lights
80%
ee7 Estonia 2026 NQ Vanilla Ninja Too Epic To Be True
80%
fr2 France 2021 2nd Barbara Pravi Voilà
80%
at4 Austria 2023 15th Teya and Salena Who the Hell Is Edgar?
80%
it2 Italy 2021 1st Måneskin Zitti e buoni
80%
sm5 San Marino 2024 NQ Megara 11:11
70%
sm2 San Marino 2021 22nd Senhit (feat. Flo Rida) Adrenalina
70%
mt1 Malta 2020 Cancelled Destiny All of My Love
70%
de5 Germany 2024 12th Isaak Always on the Run
70%
gr6 Greece 2025 6th Klavdia Asteromata
70%
de6 Germany 2025 15th Abor and Tynna Baller
70%
be4 Belgium 2023 7th Gustaph Because of You
70%
mt7 Malta 2026 18th Aidan Bella
70%
de4 Germany 2023 26th (LAST) Lord of the Lost Blood and Glitter
70%
dk4 Denmark 2023 NQ Reiley Breaking My Heart
70%
ee4 Estonia 2023 8th Alika Bridges
70%
si4 Slovenia 2023 21st Joker Out Carpe Diem
70%
nl6 Netherlands 2025 12th Claude C'est la vie
70%
ro5 Romania 2026 3rd Alexandra Căpitănescu Choke Me
70%
fi2 Finland 2021 6th Blind Channel Dark Side
70%
pt6 Portugal 2025 21st Napa Deslocado
70%
mt4 Malta 2023 NQ The Busker Dance (Our Own Party)
70%
au5 Australia 2024 NQ Electric Fields One Milkali (One Blood)
70%
mt6 Malta 2025 17th Miriana Conte Serving (Kant)
70%
ie5 Ireland 2024 6th Bambie Thug Doomsday Blue
70%
lv7 Latvia 2026 NQ Atvara Ēnā
70%
ee6 Estonia 2025 3rd Tommy Cash Espresso Macchiato
70%
nl5 Netherlands 2024 Disqualified Joost Klein Europapa
70%
fr4 France 2023 16th La Zarra Évidemment
70%
gr7 Greece 2026 10th Akylas Ferto
70%
am3 Armenia 2023 14th Brunette Future Lover
70%
pl6 Poland 2025 14th Justyna Steczkowska Gaja
70%
no3 Norway 2022 10th Subwoolfer Give That Wolf a Banana
70%
at3 Austria 2022 NQ Lum!x and Pia Maria Halo
70%
lv5 Latvia 2024 16th Dons Hollow
70%
il5 Israel 2024 5th Eden Golan Hurricane
70%
mt2 Malta 2021 7th Destiny Je me casse
70%
ie6 Ireland 2025 NQ Emmy Laika Party
70%
gr2 Greece 2021 10th Stefania Last Dance
70%
fi7 Finland 2026 6th Linda Lampenius and Pete Parkkonen Liekinheitin
70%
no6 Norway 2025 18th Kyle Alessandro Lighter
70%
mt5 Malta 2024 NQ Sarah Bonnici Loop
70%
lt5 Lithuania 2024 14th Silvester Belt Luktelk
70%
hr4 Croatia 2023 13th Let 3 Mama ŠČ!
70%
il7 Israel 2026 2nd Noam Bettan Michelle
70%
lu3 Luxembourg 2026 NQ Eva Marija Mother Nature
70%
cz4 Czechia 2023 10th Vesna My Sister's Crown
70%
fi5 Finland 2024 19th Windows95man No Rules!
70%
me3 Montenegro 2026 NQ Tamara Živković Nova zora
70%
cz5 Czechia 2024 NQ Aiko Pedestal
70%
it7 Italy 2026 5th Sal da Vinci Per sempre si
70%
pl7 Poland 2026 12th Alicja Pray
70%
au4 Australia 2023 9th Voyager Promise
70%
no4 Norway 2023 5th Alessandra Queen of Kings
70%
pl3 Poland 2022 12th Ochman River
70%
is6 Iceland 2025 25th Væb Róa
70%
pt7 Portugal 2026 NQ Bandidos do Cante Rosa
70%
az6 Azerbaijan 2025 NQ Mamagama Run with U
70%
rs4 Serbia 2023 24th Luke Black Samo mi se spava
70%
pl4 Poland 2023 19th Blanka Solo
70%
lt7 Lithuania 2026 22nd Lion Ceccah Sólo quiero más
70%
ua3 Ukraine 2022 1st Kalush Orchestra Stefania
70%
sm7 San Marino 2026 NQ Senhit (feat. Boy George) Superstar
70%
at7 Austria 2026 24th Cosmó Tanzschein
70%
au2 Australia 2021 NQ Montaigne Technicolour
70%
pl5 Poland 2024 NQ Luna The Tower
70%
be2 Belgium 2021 19th Hooverphonic The Wrong Place
70%
sm6 San Marino 2025 26th (LAST) Gabry Ponte Tutta l'Italia
70%
no5 Norway 2024 25th (LAST) Gåte Ulveham
70%
ru1 Russia 2020 Cancelled Little Big Uno
70%
md6 Moldova 2026 8th Satoshi Viva Moldova!
70%
ie4 Ireland 2023 NQ Wild Youth We Are One
70%
no7 Norway 2026 14th Jonas Lovv Ya Ya Ya
70%
gr5 Greece 2024 11th Marina Satti Zari
70%
is2 Iceland 2021 4th Daði og Gagnamagnið 10 Years
60%
ro1 Romania 2020 Cancelled Roxen Alcohol You
60%
ch7 Switzerland 2026 NQ Veronica Fusaro Alice
60%
at2 Austria 2021 NQ Vincent Bueno Amen
60%
si2 Slovenia 2021 NQ Ana Soklič Amen
60%
se6 Sweden 2025 4th KAJ Bara bada bastu
60%
ch3 Switzerland 2022 17th Marius Bear Boys Do Cry
60%
am1 Armenia 2020 Cancelled Athena Manoukian Chains on You
60%
nl3 Netherlands 2022 11th S10 De diepte
60%
lt2 Lithuania 2021 8th The Roop Discoteque
60%
ro4 Romania 2023 NQ Theodor Andrei D.G.T. (Off and On)
60%
lt4 Lithuania 2023 11th Monika Linkytė Stay (Čiūto tūto)
60%
gb5 United Kingdom 2024 18th Olly Alexander Dizzy
60%
me2 Montenegro 2025 NQ Nina Žižić Dobrodošli
60%
es4 Spain 2023 17th Blanca Paloma Eaea
60%
cy3 Cyprus 2022 NQ Andromache Ela
60%
gb2 United Kingdom 2021 26th (LAST) James Newman Embers
60%
es6 Spain 2025 24th Melody Esa diva
60%
no2 Norway 2021 18th Tix Fallen Angel
60%
dk7 Denmark 2026 7th Søren Torpegaard Lund Før vi går hjem
60%
sm1 San Marino 2020 Cancelled Senhit Freaky!
60%
ge6 Georgia 2025 NQ Mariam Shengelia Freedom
60%
fr3 France 2022 24th Alvan and Ahez Fulenn
60%
pt5 Portugal 2024 10th Iolanda Grito
60%
se3 Sweden 2022 4th Cornelia Jakobs Hold Me Closer
60%
si6 Slovenia 2025 NQ Klemen How Much Time Do We Have Left
60%
mt3 Malta 2022 NQ Emma Muscat I Am What I Am
60%
de2 Germany 2021 25th Jendrik I Don't Feel Hate
60%
gb4 United Kingdom 2023 25th Mae Muller I Wrote a Song
60%
al2 Albania 2021 21st Anxhela Peristeri Karma
60%
lu2 Luxembourg 2025 22nd Laura Thorn La poupée monte le son
60%
sm4 San Marino 2023 NQ Piqued Jacks Like an Animal
60%
ro3 Romania 2022 18th Wrs Llámame
60%
ie2 Ireland 2021 NQ Lesley Roy Maps
60%
se7 Sweden 2026 20th Felicia My System
60%
ee5 Estonia 2024 20th 5miinust and Puuluup (Nendest) narkootikumidest ei tea me (küll) midagi
60%
il6 Israel 2025 2nd Yuval Raphael New Day Will Rise
60%
au3 Australia 2022 15th Sheldon Riley Not the Same
60%
is4 Iceland 2023 NQ Diljá Power
60%
ch1 Switzerland 2020 Cancelled Gjon's Tears Répondez-moi
60%
ua7 Ukraine 2026 9th Leléka Ridnym
60%
ru2 Russia 2021 9th Manizha Russian Woman
60%
pt3 Portugal 2022 9th Maro Saudade, saudade
60%
lt3 Lithuania 2022 14th Monika Liu Sentimentai
60%
ua2 Ukraine 2021 5th Go_A Shum
60%
es3 Spain 2022 3rd Chanel SloMo
60%
md4 Moldova 2023 18th Pasha Parfeni Soarele și luna
60%
gb3 United Kingdom 2022 2nd Sam Ryder Space Man
60%
md2 Moldova 2021 13th Natalia Gordienko Sugar
60%
gr1 Greece 2020 Cancelled Stefania Superg!rl
60%
se4 Sweden 2023 1st Loreen Tattoo
60%
lt6 Lithuania 2025 16th Katarsis Tavo akys
60%
az4 Azerbaijan 2023 NQ TuralTuranX Tell Me More
60%
ch5 Switzerland 2024 1st Nemo The Code
60%
is1 Iceland 2020 Cancelled Daði og Gagnamagnið Think About Things
60%
hr2 Croatia 2021 NQ Albina Tick-Tock
60%
ch2 Switzerland 2021 3rd Gjon's Tears Tout l'univers
60%
se5 Sweden 2024 9th Marcus and Martinus Unforgettable
60%
il4 Israel 2023 3rd Noa Kirel Unicorn
60%
si5 Slovenia 2024 23rd Raiven Veronika
60%
it6 Italy 2025 5th Lucio Corsi Volevo essere un duro
60%
ch6 Switzerland 2025 10th Zoë Më Voyage
60%
ch4 Switzerland 2023 20th Remo Forrer Watergun
60%
gr4 Greece 2023 NQ Victor Vernicos What They Say
60%
dk1 Denmark 2020 Cancelled Ben and Tan Yes
60%
ge2 Georgia 2021 NQ Tornike Kipiani You
60%
mk1 North Macedonia 2020 Cancelled Vasil You
60%
es5 Spain 2024 22nd Nebulossa Zorra
60%
lv4 Latvia 2023 NQ Sudden Lights Aijā
50%
at1 Austria 2020 Cancelled Vincent Bueno Alive
50%
ro2 Romania 2021 NQ Roxen Amnesia
50%
no1 Norway 2020 Cancelled Ulrikke Attention
50%
nl2 Netherlands 2021 23rd Jeangu Macrooy Birth of a New Age
50%
me1 Montenegro 2022 NQ Vladana Breathe
50%
lv6 Latvia 2025 13th Tautumeitas Bur man laimi
50%
mk3 North Macedonia 2022 NQ Andrea Circles
50%
by1 Belarus 2020 Cancelled VAL Da Vidna
50%
au1 Australia 2020 Cancelled Montaigne Don't Break Me
50%
it4 Italy 2023 4th Marco Mengoni Due vite
50%
gb7 United Kingdom 2026 25th (LAST) Look Mum No Computer Eins, Zwei, Drei
50%
pl1 Poland 2020 Cancelled Alicja Empires
50%
az3 Azerbaijan 2022 16th Nadir Rustamli Fade to Black
50%
it1 Italy 2020 Cancelled Diodato Fai rumore
50%
al1 Albania 2020 Cancelled Arilena Ara Fall from the Sky
50%
hr3 Croatia 2022 NQ Mia Dimšić Guilty Pleasure
50%
ee3 Estonia 2022 13th Stefan Hope
50%
rs3 Serbia 2022 5th Konstrakta In corpore sano
50%
md5 Moldova 2024 NQ Natalia Barbu In the Middle
50%
cz1 Czechia 2020 Cancelled Benny Cristo Kemama
50%
ge3 Georgia 2022 NQ Circus Mircus Lock Me In
50%
rs2 Serbia 2021 15th Hurricane Loco loco
50%
fi1 Finland 2020 Cancelled Aksel Looking Back
50%
cz2 Czechia 2021 NQ Benny Cristo Omaga
50%
lt1 Lithuania 2020 Cancelled The Roop On Fire
50%
az5 Azerbaijan 2024 NQ Fahree and Ilkin Dovlatov Özünlə apar
50%
md1 Moldova 2020 Cancelled Natalia Gordienko Prison
50%
de3 Germany 2022 25th (LAST) Malik Harris Rockstars
50%
cy1 Cyprus 2020 Cancelled Sandro Running
50%
is5 Iceland 2024 NQ Hera Björk Scared of Heights
50%
il2 Israel 2021 17th Eden Alene Set Me Free
50%
ua5 Ukraine 2024 3rd Alyona Alyona and Jerry Heil Teresa and Maria
50%
ie3 Ireland 2022 NQ Brooke That's Rich
50%
pl2 Poland 2021 NQ Rafał The Ride
50%
si1 Slovenia 2020 Cancelled Ana Soklič Voda
50%
pt4 Portugal 2023 23rd Mimicat Ai coração
40%
ua6 Ukraine 2025 9th Ziferblat Bird of Pray
40%
nl4 Netherlands 2023 NQ Mia Nicolai and Dion Cooper Burning Daylight
40%
gr3 Greece 2022 8th Amanda Georgiadi Tenfjord Die Together
40%
si3 Slovenia 2022 NQ LPS Disko
40%
hr1 Croatia 2020 Cancelled Damir Kedžo Divlji vjetre
40%
fr1 France 2020 Cancelled Tom Leeb Mon alliée (The Best in Me)
40%
ge4 Georgia 2023 NQ Iru Echo
40%
il1 Israel 2020 Cancelled Eden Alene Feker Libi
40%
rs1 Serbia 2020 Cancelled Hurricane Hasta la vista
40%
ua4 Ukraine 2023 6th Tvorchi Heart of Steel
40%
il3 Israel 2022 NQ Michael Ben David I.M
40%
bg3 Bulgaria 2022 NQ Intelligent Music Project Intention
40%
pt2 Portugal 2021 12th The Black Mamba Love Is on My Side
40%
pt1 Portugal 2020 Cancelled Elisa Medo de sentir
40%
be3 Belgium 2022 19th Jérémie Makiese Miss You
40%
se1 Sweden 2020 Cancelled The Mamas Move
40%
gb1 United Kingdom 2020 Cancelled James Newman My Last Breath
40%
dk2 Denmark 2021 NQ Fyr og Flamme Øve os på hinanden
40%
be1 Belgium 2020 Cancelled Hooverphonic Release Me
40%
ua1 Ukraine 2020 Cancelled Go_A Solovey
40%
lv1 Latvia 2020 Cancelled Samanta Tīna Still Breathing
40%
bg1 Bulgaria 2020 Cancelled Victoria Tears Getting Sober
40%
ee2 Estonia 2021 NQ Uku Suviste The Lucky One
40%
lv2 Latvia 2021 NQ Samanta Tīna The Moon Is Rising
40%
dk3 Denmark 2022 NQ Reddi The Show
40%
de1 Germany 2020 Cancelled Ben Dolic Violent Thing
40%
se2 Sweden 2021 14th Tusse Voices
40%
gb6 United Kingdom 2025 19th Remember Monday What the Hell Just Happened?
40%
lv3 Latvia 2022 NQ Citi Zēni Eat Your Salad
30%
mk2 North Macedonia 2021 NQ Vasil Here I Stand
30%
is3 Iceland 2022 23rd Systur Með hækkandi sól
30%
ie1 Ireland 2020 Cancelled Lesley Roy Story of My Life
30%
sm3 San Marino 2022 NQ Achille Lauro Stripper
30%
ge1 Georgia 2020 Cancelled Tornike Kipiani Take Me as I Am
30%
md3 Moldova 2022 7th Zdob și Zdub and Advahov Brothers Trenulețul
30%
es1 Spain 2020 Cancelled Blas Cantó Universo
30%
es2 Spain 2021 24th Blas Cantó Voy a quedarme
30%
ee1 Estonia 2020 Cancelled Uku Suviste What Love Is
30%
No matching quizzes found
Score Distribution
Percent of People with Each Score
Percentile by Number Answered
Your Score History
You have not taken this quiz since the last reset